|
|
|
|
| LEADER |
00838naa a2200193 i 4500 |
| 001 |
publ10294 |
| 005 |
20190521094332.0 |
| 008 |
170130s2016 hu o 0|| zxx d |
| 020 |
|
|
|a 978 86 89039 05 4
|
| 024 |
7 |
|
|a 3166227
|2 mtmt
|
| 040 |
|
|
|a SZTE Publicatio Repozitórium
|b hun
|
| 041 |
|
|
|a zxx
|
| 100 |
1 |
|
|a Vukman Péter
|
| 245 |
1 |
0 |
|a Barátból ellenség - ellenségből barát (?). A magyar-jugoszláv párt- és államközi kapcsolatok (1945-1956)
|h [elektronikus dokumentum] /
|c Vukman Péter
|
| 260 |
|
|
|a Történelmi Levéltár Zenta
|b Zenta
|c 2016
|
| 300 |
|
|
|a 45-79
|
| 490 |
0 |
|
|a Fejezetek a titói Jugoszlávia korai korszakából
|
| 856 |
4 |
0 |
|u http://publicatio.bibl.u-szeged.hu/10294/1/VukmanP%C3%A9ter_dok03.pdf
|z Dokumentum-elérés
|
| 856 |
4 |
0 |
|u http://publicatio.bibl.u-szeged.hu/10294/7/2017-01-19%252520133012.PDF
|z Dokumentum-elérés
|